| 000 | 00630nam a22002057a 4500 | ||
|---|---|---|---|
| 005 | 20100813102551.0 | ||
| 010 | _aENG-100108 | ||
| 020 | _c185.00 | ||
| 035 | _aEN-83640 | ||
| 037 | _bDBAD/PUB | ||
| 082 | _a341 | ||
| 100 |
_aJurist, A _912129 |
||
| 245 |
_aPublic international law / _cby A Jurist |
||
| 250 | _a13th rev. ed | ||
| 260 |
_aMumbai _bC. Jamnadas & Co. _c2008 |
||
| 270 |
_a146-c, Shamaldas Gandhi Marg _bMumbai _e400002 |
||
| 300 |
_a266p. _c24cm (pbk) |
||
| 942 |
_2ddc _cEN _h341 _mJUR |
||
| 999 |
_c41483 _d41483 |
||